000 00245nam a2200097Ia 4500
008 220204s9999 xx 000 0 und d
100 _aDale, Ernest
245 0 _aManagement: Theory and practice
260 _aTokyo
_bMcGraw Hill
_c1973
942 _cBK
999 _c23700
_d23700